00325nam a2200121Ia 4500008004100000041000800041082001400049100002200063245004500085260003400130300003100164365000800195240624s9999 xx 000 0 und d aeng a338.9 BEI aBEINHOCKER ERIC D aORIGIN OF WEALTH EVOLUTION COMPLEXITY AN c2006aNew DelhibRandom House axvi, : 527 : p. : cm. ; 23 cBPS